Michael Myers Mask Quiz - Statistics

General Stats
  • This quiz has been taken 29 times
  • The average score is 10 of 12
Answer Stats
Picture Answer % Correct
1978
100%
1998
90%
2018
90%
1981
85%
1988
85%
1989
85%
1995
85%
2002
85%
2007
85%
2009
85%
2021
85%
2022
85%
No matching quizzes found
Score Distribution
Percent of People with Each Score
Percentile by Number Answered
Your Score History
You have not taken this quiz